01310nam a2200265 a 450000100100000000500170001000800410002704000250006808200190009311000570011224000180016924500990018724600560028626000710034230000200041359000250043365000750045865100410053365100460057491000370062095201310065795201170078895201220090599900170102700003616920250220114625.0120110s2011 dr 001 0 spa d aDO-SdBNPbspacBNPHU a352.293bR426L1 aRepública Dominicana.bMinisterio Público96220910a[Leyes, etc.]10aLey orgánica del Ministerio Público :bley 133-11 G.O núm. 10621 del 9 de junio de 2011.23aLey 133-11 G.O núm. 10621 del 9 de junio de 2011. aSanto Domingo :bEscuela Nacional del Ministerio Público,c2011. a98 p. ;c18 cm. aInventariado,2018/DG 4aInstituciones públicasxLegislaciónzRepública Dominicana962210 4aRepública DominicanaxLeyes916541 4aRepública DominicanaxLey 133-11962211 aValidado. Control de calidad EMS 001054708DSaGRbGRcHDd2012-01-10iLF1l0o352.293 R426Lp36169-30r2020-06-25te.3w2020-06-25yLFDSZPréstamo en sala 0010718PDaPDbPDcHDd2012-01-10iLF1l0o352.293 R426Lp36169-10r2020-06-25w2020-06-25yLFPDZNo se presta 0010718PDaPDbPDcHDd2012-01-10iLF1l0o352.293 R426Lp36169-20r2020-06-25te 2w2020-06-25yLFPDZNo se presta c35660d35660